000 01734cam a22004574i 4500
003 PE-LiUPU
005 20250731173440.0
008 150616s r 000 0 d
035 _a(Sirsi) a5671
040 _aPE-LiUPU
_bspa
_cPE-LiUPU
_erda
049 _aPRUA
082 0 4 _a233.14
_bR53
_221
100 1 _aRicoeur, Paul,
_eautor.
245 1 0 _aIntroducción a la Simbólica del Mal /
_cPaúl Ricoeur.
264 1 _aBuenos Aires :
_bAsociación editorial la Aurora,
_c1976.
300 _a244 páginas ;
_c19 cm.
336 _atext
_2rdacontent
337 _aunmediated
_2rdamedia
338 _avolume
_2rdacarrier
505 0 _aHermenéutica de los símbolos y reflexión filosófica.- Demitologizar la acusación.- Interpretación del mito de la pena.- Prefacio a Bultmann.- La libertad según la esperanza.- Culpabilidad, ética y religión.- Religión, ateísmo, fe.- La paternidad: del fantasma al símbolo.
526 _aSEG42
526 _aSEG41
526 _aSEG40
526 _aSEG39
526 _aP94
526 _aP87
526 _aP86
526 _aP85
526 _aP77
526 _aP76
526 _aP35
650 0 4 _aPecado original
_xSimbología.
650 0 4 _aHermenéutica bíblica
_xSimbología.
910 _ajck
_bjvq
_cjck
942 _2ddc
_cBOOK
949 _a233.14 R53
_wDEWEY
_c1
_i39384
_lCCODEBUL1
_mBUL
_p00.00
_r0
_sY
_tBOOK
_u19950927
_xTEOLOGIA
_zUNKNOWN
_0COMPRA
_o.STAFF. Colección General
994 _aC0
_bPEPRU
596 _a1
999 _a233.14 R53
_wDEWEY
_c56725
_i39384
_f2021-11-10
_g5
_lCCODEBUL1
_mBUL
_r0
_sY
_tBOOK
_u2015-6-16
_xTEOLOGIA
_zUNKNOWN
_0COMPRA
_o.STAFF. Colección General
_d56725
980 _81
_gALBERTO SANCHEZ Responsable de Automatización